000 00603nam a2200217Ia 4500
003 OSt
005 20230602113550.0
008 210423s2011 xx 000 0 und d
020 _a978-93-80626-35-2
040 _cAL
041 _aeng
082 _a361.3 SINC
100 _aSINGH (Dinesh)
_9118840
245 _aCommunication and interpersonal skills for social work
260 _aJaipur
_bprateeksha Publications
_c2011
300 _avii,247
_bHB
365 _b995
_cINR
650 _aSocial Work
_9118841
906 _aCommunication ; interpersonal ; skills ; social ; work
942 _2ddc
_cBK
999 _c176501
_d176501